| 000 | 00592nam a2200169 a 4500 | ||
|---|---|---|---|
| 001 | 000028966 | ||
| 005 | 20260521073716.0 | ||
| 008 | 110412s2006 dr a 000 0 spa d | ||
| 040 |
_aDO-SdBNP _bspa _cBNPHU |
||
| 082 |
_axxx _bS225a |
||
| 100 | 1 |
_aSang, Mu-Kien A. _d1955- _q(Mu-Kien Adriana) _9331 |
|
| 245 | 1 | 0 |
_aAutoridad y participación : _bintroduccion a la práctica de las políticas públicas / _cMiguel Sang Ben. |
| 260 |
_aSanto Domingo : _bConsorcio de Educación Cívica, _c2006. _fEditora Búho |
||
| 300 |
_a39 p. ; _c22 cm. |
||
| 504 | _aBibliografía : p. 37-39 | ||
| 049 | _aBNPD | ||
| 999 |
_c28458 _d28458 |
||